[Event "Palma de Mallorca Arenal op"]
[Site "Palma de Mallorca"]
[Date "2016.10.20"]
[Round "1"]
[White "Asadzade, Idris"]
[Black "Mierins, Imants"]
[Result "1-0"]
[WhiteElo "1861"]
[BlackElo "1325"]
[PlyCount "31"]
[EventDate "2016.10.20"]
[EventType "swiss"]
[EventRounds "7"]
[EventCountry "ESP"]
[SourceTitle "EXT 2018"]
[Source "ChessBase"]
[SourceDate "2017.10.13"]
[SourceVersion "1"]
[SourceVersionDate "2017.10.13"]
[SourceQuality "1"]

1. Nf3 d5 2. c4 Nf6 3. cxd5 Qxd5 4. Nc3 Qf5 5. d4 e5 6. dxe5 Ng4 7. e4 Qe6 8. Be2 Nxe5 9. Nxe5 Qxe5 10. 0-0 Nc6 11. Nd5 Bd6 12. Bf4 Qxe4 13. Bxd6 cxd6 14. Nc7+ Kd7 15. Nxa8 Ne5 16. Rc1 1-0